|
|
|
|
| LEADER |
00000cam a2200000 ca4500 |
| 001 |
1550348655 |
| 003 |
DE-627 |
| 005 |
20260206200147.0 |
| 007 |
tu |
| 008 |
161129m20179999xx ||||| 00| ||ger c |
| 016 |
7 |
|
|a 1121720781
|2 DE-101
|
| 035 |
|
|
|a (DE-627)1550348655
|
| 035 |
|
|
|a (DE-603)398587159
|
| 035 |
|
|
|a (DE-576)480348650
|
| 035 |
|
|
|a (DE-599)BSZ480348650
|
| 040 |
|
|
|a DE-627
|b ger
|c DE-627
|e rda
|
| 041 |
|
|
|a ger
|
| 082 |
0 |
4 |
|a 510
|
| 084 |
|
|
|a SK 850
|2 rvk
|0 (DE-625)rvk/143263:
|
| 084 |
|
|
|a MR 2100
|2 rvk
|0 (DE-625)rvk/123488:
|
| 084 |
|
|
|a SK 800
|2 rvk
|0 (DE-625)rvk/143256:
|
| 084 |
|
|
|a QH 231
|2 rvk
|0 (DE-625)rvk/141546:
|
| 100 |
1 |
|
|a Siegmann, Frank
|d 1956-
|e VerfasserIn
|0 (DE-588)136411886
|0 (DE-627)582082390
|0 (DE-576)301006369
|4 aut
|
| 109 |
|
|
|a Siegmann, Frank 1956-
|a Siegmann, M. Frank 1956-
|
| 245 |
1 |
0 |
|a Statistik verstehen, nicht rechnen
|c Frank Siegmann
|
| 264 |
|
1 |
|a Stuttgart
|b Verlag W. Kohlhammer
|c 2017-
|
| 336 |
|
|
|a Text
|b txt
|2 rdacontent
|
| 337 |
|
|
|a ohne Hilfsmittel zu benutzen
|b n
|2 rdamedia
|
| 338 |
|
|
|a Band
|b nc
|2 rdacarrier
|
| 650 |
0 |
7 |
|0 (DE-588)4070313-7
|0 (DE-627)106100572
|0 (DE-576)209180161
|a Deskriptive Statistik
|2 gnd
|
| 650 |
0 |
7 |
|0 (DE-588)4056995-0
|0 (DE-627)106152955
|0 (DE-576)209119799
|a Statistik
|2 gnd
|
| 655 |
|
7 |
|a Lehrbuch
|0 (DE-588)4123623-3
|0 (DE-627)104270187
|0 (DE-576)209561262
|2 gnd-content
|
| 689 |
0 |
0 |
|d s
|0 (DE-588)4056995-0
|0 (DE-627)106152955
|0 (DE-576)209119799
|a Statistik
|2 gnd
|
| 689 |
0 |
|
|5 (DE-627)
|
| 936 |
r |
v |
|a SK 850
|b Angewandte Statistik, Tabellen
|k Mathematik
|k Monografien
|k Wahrscheinlichkeitstheorie
|k Angewandte Statistik, Tabellen
|0 (DE-627)1271156261
|0 (DE-625)rvk/143263:
|0 (DE-576)201156261
|
| 936 |
r |
v |
|a MR 2100
|b Statistik für Soziologen
|k Soziologie
|k Sozialwissenschaftliche Theorien und Methoden
|k Methoden der Sozialforschung
|k Statistik für Soziologen
|0 (DE-627)1271427486
|0 (DE-625)rvk/123488:
|0 (DE-576)201427486
|
| 936 |
r |
v |
|a SK 800
|b Wahrscheinlichkeitstheorie
|k Mathematik
|k Monografien
|k Wahrscheinlichkeitstheorie
|0 (DE-627)127092723X
|0 (DE-625)rvk/143256:
|0 (DE-576)20092723X
|
| 936 |
r |
v |
|a QH 231
|b Einführende Lehrbücher
|k Wirtschaftswissenschaften
|k Mathematik. Statistik. Ökonometrie. Unternehmensforschung
|k Statistik
|k Theoretische Statistik
|k Einführende Lehrbücher
|0 (DE-627)1271479206
|0 (DE-625)rvk/141546:
|0 (DE-576)201479206
|
| 936 |
s |
n |
|a q100
|2 mzub
|
| 936 |
s |
n |
|a s100
|2 mzub
|
| 951 |
|
|
|a MC
|
| ELC |
|
|
|b 1
|
| LOK |
|
|
|0 000 xxxxxcx a22 zn 4500
|
| LOK |
|
|
|0 001 2995271102
|
| LOK |
|
|
|0 003 DE-627
|
| LOK |
|
|
|0 004 1550348655
|
| LOK |
|
|
|0 005 20180419143330
|
| LOK |
|
|
|0 008 180205||||||||||||||||ger|||||||
|
| LOK |
|
|
|0 040
|a DE-21-110
|c DE-627
|d DE-21-110
|
| LOK |
|
|
|0 852
|z nur Bd. 1 vhd.
|
| LOK |
|
|
|0 852
|a DE-21-110
|
| LOK |
|
|
|0 852 1
|m p
|9 00
|
| LOK |
|
|
|0 938
|k p
|
| LOK |
|
|
|0 939
|a 2018-02-05
|b l01
|
| ORI |
|
|
|a WA-MARC-krimdokb001.raw
|
| SPR |
|
|
|a 1
|t KRI
|